01103nas a2200241Ia 4500001001100000003000900011008004100020040001300061040001300074041001200087100005500099210002900154222002900183245015200212250001100364260004000375501008600415300002000501310001600521362002500537500026000562650003900822R707/F0362IT-RoPAU151124c99999999xx |||||||||||| ||und|| aIT-RoPAU cIT-RoPAU aTEDESCO aHess-Luttich Ernest W.B.gCodice Aut. SPICS: 28619 aZEITSCHRIFT FUR SEMIOTIK aZeitschrift Fur Semiotik aZEITSCHRIFT FUR SEMIOTIK, VOL. 19-N.3 (1997)bSchau-Gesprache, Freitagnacht: Dialogsorten Offentlicher Kommunikation Und Das Exempel Einer Talkshow a1a ed. aTUBINGENbSTAUFFENBURG VERLAGc1997 bPaulus - SPICS - Società San Paolo EM (non-commercial uses only)cCopyright2015 a16 p. [291-306] aTRIMESTRALE aVOL. 19, N.03 (1997) aStruttura Multistratificata della Conversazione Pubblica, Come Dialoghi Teatrali, Discussioni Televisive e Talkshow. Linguaggio, Feed Back Col Pubblico, Varie Situazioni. Analisi della Interazione Convesazionale tra i Partecipanti del Talkshow Freitagnach aSEMIOTICAvPUBBLICAZIONE PERIODICA